The noble scholar, jurist, historian


 His Excellency Dr. Abdul Wahhab bin Ibrahim Abu Sulaiman, may Allah have mercy on him.


 He was born in Umm Al-Qura in the year 1356 AH.

النشاط الزراعي في الجزيرة العربية في العصر العباسي حتى نهاية القرن الرابع الهجري / (Record no. 13890)

MARC details
000 -LEADER
fixed length control field 01302cam a2200289 i 4500
003 - CONTROL NUMBER IDENTIFIER
control field SA-RiAUC
005 - DATE AND TIME OF LATEST TRANSACTION
control field 20260104140309.0
008 - FIXED-LENGTH DATA ELEMENTS--GENERAL INFORMATION
fixed length control field 251230s2007 su g b f00000 ara c
020 ## - INTERNATIONAL STANDARD BOOK NUMBER
International Standard Book Number 9960978524
040 ## - CATALOGING SOURCE
Original cataloging agency SA-JeALM
Language of cataloging ara
Transcribing agency SA-RiAUC
Description conventions rda
043 ## - GEOGRAPHIC AREA CODE
Geographic area code ar-----
050 #4 - LIBRARY OF CONGRESS CALL NUMBER
Item number S29 2007
082 04 - DEWEY DECIMAL CLASSIFICATION NUMBER
Classification number 630.953
Assigning agency SA-RiAUC
090 ## - LOCALLY ASSIGNED LC-TYPE CALL NUMBER (OCLC); LOCAL CALL NUMBER (RLIN)
Classification number (OCLC) (R) ; Classification number, CALL (RLIN) (NR) 630.953
Local cutter number (OCLC) ; Book number/undivided call number, CALL (RLIN) س ي ف
100 1# - MAIN ENTRY--PERSONAL NAME
Personal name السيف، عبد الله محمد ناصر،
Dates associated with a name 1368 هجري-
Relator term مؤلف.
245 12 - TITLE STATEMENT
Title النشاط الزراعي في الجزيرة العربية في العصر العباسي حتى نهاية القرن الرابع الهجري /
Statement of responsibility, etc. عبد الله بن محمد السيف.
264 #1 - PRODUCTION, PUBLICATION, DISTRIBUTION, MANUFACTURE, AND COPYRIGHT NOTICE
Place of production, publication, distribution, manufacture الرياض :
Name of producer, publisher, distributor, manufacturer دارة الملك عبد العزيز،
Date of production, publication, distribution, manufacture, or copyright notice 2007
300 ## - PHYSICAL DESCRIPTION
Extent 173 صفحة ؛
Dimensions 22 سم.
336 ## - CONTENT TYPE
Content type term نص
Content type code txt
Source rdacontent
Materials specified كتاب
337 ## - MEDIA TYPE
Media type term بدون وسيط
Media type code n
Source rdamedia
490 ## - SERIES STATEMENT
Series statement كتاب الدارة
Volume/sequential designation 12
504 ## - BIBLIOGRAPHY, ETC. NOTE
Bibliography, etc. note يشتمل على قائمة ببليوجرافية.
650 #7 - SUBJECT ADDED ENTRY--TOPICAL TERM
Topical term or geographic name entry element الزراعة
Geographic subdivision شبه الجزيرة العربية
General subdivision تاريخ
Chronological subdivision العصر العباسي، 750-1258
Source of heading or term aucsh
651 #7 - SUBJECT ADDED ENTRY--GEOGRAPHIC NAME
Geographic name شبه الجزيرة العربية
General subdivision تاريخ
Chronological subdivision العصر العباسي، 750-1258
Source of heading or term aucsh
942 ## - ADDED ENTRY ELEMENTS (KOHA)
Source of classification or shelving scheme Dewey Decimal Classification
Koha item type Books
Suppress in OPAC No
949 ## - LOCAL PROCESSING INFORMATION (OCLC)
a SA-JeALM
d 251230
u osman123
n 1
Holdings
Withdrawn status Lost status Source of classification or shelving scheme Damaged status Not for loan Home library Current library Date acquired Total checkouts Full call number Barcode Date last seen Price effective from Koha item type
    Dewey Decimal Classification     DR AbdElwahab Library DR AbdElwahab Library 01/04/2026   630.953 س ي ف 000022234 01/04/2026 01/04/2026 Books
    Dewey Decimal Classification     DR AbdElwahab Library DR AbdElwahab Library 04/19/2026   630.953 س ي ف 000023440 04/19/2026 04/19/2026 Books